000 00747nam a22002177a 4500
005 20140623113547.0
010 _aENG-110232
020 _a9780415717366
_c850.00
035 _aEN-93764
037 _bDBAD/PUB
082 _a303.484
245 _aSocial movements :
_cedited by Savyasaachi [and] Ravi Kumar
_btransformative shifts and turning points /
260 _aNew Delhi
_bRoutledge
_c2014
270 _a912, Tolstoy House, 15-17 Tolstoy Marg, Connaught Place
_bNew Delhi
_e110001
300 _avi,380p.
_c23cm(Hb)
490 _aSocial movements and transformative dissent
500 _aIncludes bibliographical references and index
700 _aSavyasaachi
700 _aRavi Kumar
942 _2ddc
_cEN
_mSOC
_h303.484
999 _c85036
_d85036